00429cam a2200169 4500001001100000008004100011035001600052050002100068100002100089245005500110260002600165505000800191650001500199650001400214942001200228999001900240ECON000096 spa  a ECON000096 4aHM271 bB36 19741 aBendix, Reinhard 0aEstado nacional y ciudadanía /cReinhard Bendix. aMéxico :bAmorrortu aBEE 4aEstado, El 4aAutoridad 2lccLIB c107417d107417